| 000 | 00559nam a2200193 a 4500 | ||
|---|---|---|---|
| 001 | 18061 | ||
| 003 | CO-ViMGA | ||
| 008 | 141112s2004 ck r 000 u spa d | ||
| 020 | _a8481642029 | ||
| 040 |
_aCO-ViMGA _bspa _cCO-ViMGA |
||
| 082 | 0 | 4 | _a179.7 K857m |
| 100 | 1 |
_aKung, Hans; Jens, Walter _925656 |
|
| 245 | 1 | 0 | _aMorir con dignidad . Un alegato a favor de la responsabilidad |
| 260 |
_aMadríd (España), _cTrotta, _c1997 |
||
| 300 | _a94.p. | ||
| 590 | _aForma de adquisición : Premio - Mincultura | ||
| 650 | 1 | 4 |
_aEUTANASIA _925657 |
| 942 |
_2ddc _cBK |
||
| 999 |
_c27437 _d27437 |
||